| 000 | 00964nas a2200277 4500 | ||
|---|---|---|---|
| 001 | BR8802866 | ||
| 003 | BR-BrBNA | ||
| 005 | 20231205091140.0 | ||
| 007 | ta | ||
| 008 | 230509b bl.|||p| |||| 00| 00por d | ||
| 040 |
_aBR-BrBNA _bpor _cBiblioteca Nacional de Agricultura |
||
| 041 | _a(Pt) | ||
| 072 | _aK70 | ||
| 100 | 1 | _aSilveira, R.A. | |
| 100 | 1 | _aMontagner, L.H. | |
| 100 | 1 | _aOnuki, M. | |
| 245 | 1 | _aVariacao de resistencia a ventos em procedencias de Eucalyptus saligna Smith na regiao de Guaiba, Rio Grande do Sul | |
| 246 | 1 | _aVariation in wind resistance among provenances of Eucalyptus slignna in the Guaiba region, Rio Grande do Sul, Brazil | |
| 650 | _aEUCALIPTO | ||
| 650 | _aVENTO | ||
| 650 | _aRESISTENCIA A TEMPERATURA | ||
| 650 | _aRIO GRANDE DO SUL | ||
| 773 | 0 |
_tBoletim de Pesquisa Florestal (Brazil) _xISSN 0101-1057 _g(Dec 1986), no. 13 p. 1-8 _wBR8802866 |
|
| 909 |
_a202311 _bLúcia _c55 _dLúcia Elande |
||
| 942 |
_2AGRIS _n0 _cANA |
||
| 999 |
_c123133 _d123133 |
||